Влияние физико-химических условий на накопление и распределение радионуклидов в торфяных залежах Архангельской области (на примере Иласского болотного массива): диссертация на соискание ученой степени кандидата геолого-минералогических наук; спец. 1.6.4

التفاصيل البيبلوغرافية
المؤلف الرئيسي: Орлов А. С. Александр Сергеевич
مؤلف مشترك: Российская академия наук Уральское отделение Федеральный исследовательский центр комплексного изучения Арктики им. академика Н. П. Лаверова (570)
مؤلفون آخرون: Яковлев Е. Ю. Евгений Юрьевич (научный руководитель)
الملخص:Заглавие с титульного экрана
Электронная версия печатной публикации
Защита сост. 17.03.2025
На правах рукописи
Текстовый файл
اللغة:الروسية
منشور في: Архангельск, 2024
الموضوعات:
الوصول للمادة أونلاين:https://earchive.tpu.ru/handle/11683/83430
التنسيق: الكتروني كتاب
KOHA link:https://koha.lib.tpu.ru/cgi-bin/koha/opac-detail.pl?biblionumber=678303

MARC

LEADER 00000nam0a2200000 4500
001 678303
005 20250224131840.0
090 |a 678303 
100 |a 20250123d2024 k||y0rusy50 ca 
101 0 |a rus 
102 |a RU 
105 |a a m 001yy 
135 |a drcn ---uucaa 
181 0 |a i   |b  e  
182 0 |a b 
183 0 |a cr  |2 RDAcarrier 
200 1 |a Влияние физико-химических условий на накопление и распределение радионуклидов в торфяных залежах Архангельской области (на примере Иласского болотного массива)  |e диссертация на соискание ученой степени кандидата геолого-минералогических наук  |e спец. 1.6.4  |f Орлов Александр Сергеевич  |g науч. рук. Е. Ю. Яковлев ; ФИЦ комплексного изучения Арктики имени академика Н. П. Лаверова Уральского отделения РАН 
203 |a Текст  |c электронный  |b визуальный 
210 1 |a Архангельск  |d 2024 
215 |a 1 файл (6,71 МБ, 148 с.)  |c pdf 
283 |2 RDAcarrier  |a online_resource 
300 |a Заглавие с титульного экрана 
300 |a Электронная версия печатной публикации 
300 |a Защита сост. 17.03.2025 
320 |a Список литературы: с. 106-130 (209 назв.) 
333 |a На правах рукописи 
336 |a Текстовый файл 
606 |a Нуклиды радиоактивные  |x Биогеохимия  |9 87066 
610 1 |a болотные экосистемы 
610 1 |a торфяные залежи 
610 1 |a физико-химические параметры 
610 1 |a радионуклиды 
610 1 |a Архангельская область 
610 1 |a Иласский болотный массив 
610 1 |a электронный ресурс 
610 1 |a диссертации 
675 |a 550.47(04)  |v 4 
686 |2 oksvnk  |a 25.00.09 
700 1 |a Орлов  |b А. С.  |g Александр Сергеевич 
702 1 |a Яковлев  |b Е. Ю.  |g Евгений Юрьевич  |4 727 
712 0 2 |a Российская академия наук  |b Уральское отделение  |b Федеральный исследовательский центр комплексного изучения Арктики им. академика Н. П. Лаверова  |c Архангельск  |c 2003-  |7 ca  |8 rus  |4 570  |9 88824 
801 0 |a RU  |b 63413507  |c 20250123  |g RCR 
850 |a 63413507 
856 4 |u https://earchive.tpu.ru/handle/11683/83430  |z https://earchive.tpu.ru/handle/11683/83430 
942 |c CF